000 01285namaa22003251i 4500
005 20260630103043.0
008 260630s1994 ua a|||frm||| 000 0 eng d
040 _aEG-GICUC
_beng
_cEG-GICUC
_dEG-GICUC
_erda
041 0 _aeng
_beng
_bara
049 _aDeposit
097 _aM.Sc
099 _aCai01.12.01.M.Sc.1994.Ma.S
100 0 _aMaha Salah Qassim Mohamed,
_epreparation.
245 1 0 _aSolar Activity and geomagnetic variations /
_cBy Maha Salah Qassim Mohamed ; Supervisors Prof. Dr. A. A. Galal, Prof. Dr. H. A. Deebes, Dr. Shahinaz M. Yossef
246 1 5 _aالنشاط الشمسي والتغيرات الجيومغناطيسية
264 0 _c1994.
300 _a99 leaves
_billustrations
_c30 cm. +
336 _2rda content
_atext
337 _2rdamedia
_aUnmediated
338 _2rdacarrier
_avolume
502 _aThesis (M.Sc.)-Cairo University, 1994
504 _aBibliography: pages 95-99
653 0 _aSolar Activity
_ageomagnetic variations
700 0 _aA. A. Galal
_eReviewer.
700 0 _aH. A. Deebes
_ethesis advisor.
700 0 _aShahinaz M. Yossef
_ethesis advisor.
900 _DDepartment of Astronomy
_FFaculty of Science
_UCairo University
_b1994
_cA. A. Galal
_cH. A. Deebes
_cShahinaz M. Yossef
905 _aNehad
942 _2ddc
_cTH
_e21
_n0
999 _c180651